[Event "15. OIBM Bad Wiessee"]
[Site "Bad Wiessee"]
[Date "2011.11.01"]
[Round "4.29"]
[White "Wagner, Dennis"]
[Black "Müller, Frank"]
[Result "1-0"]
[WhiteElo "2290"]
[BlackElo "2149"]
[PlyCount "53"]
[EventDate "2011.??.??"]
[WhiteTeam "Kasseler SK 1876"]
[BlackTeam "SV Castrop-Rauxel 1923"]

1. d4 Nf6 2. c4 g6 3. Nc3 d5 4. cxd5 Nxd5 5. Bd2 Nb6 6. Nf3 Bg7 7. Bf4 O-O 8.
e3 Nc6 9. Rc1 Be6 10. Bb5 Nb4 11. O-O c6 12. Be2 N4d5 13. Nxd5 Bxd5 14. b3 Nd7
15. Qc2 Bxf3 16. Bxf3 e5 17. dxe5 Nxe5 18. Be2 Qa5 19. Rfd1 Rad8 20. Bg3 c5 21.
Bh4 Rxd1+ 22. Rxd1 Nc6 23. Rd7 Qe1+ 24. Bf1 b6 25. Qe4 Ne5 26. Rxa7 h6 27. Bg3
1-0

[Event "15. OIBM Bad Wiessee"]
[Site "Bad Wiessee"]
[Date "2011.11.01"]
[Round "4.34"]
[White "Rozentalis, Eduardas"]
[Black "Graf, Christian"]
[Result "1-0"]
[WhiteElo "2575"]
[BlackElo "2121"]
[PlyCount "67"]
[EventDate "2011.??.??"]
[BlackTeam "SGem Pang/Rosenheim"]

1. e4 c6 2. d4 d5 3. Nd2 dxe4 4. Nxe4 Nf6 5. Nxf6+ exf6 6. c3 Bd6 7. Bd3 O-O 8.
Ne2 Re8 9. Qc2 Kh8 10. Be3 Be6 11. O-O Qc7 12. h3 g6 13. c4 Na6 14. a3 f5 15.
Bg5 Be7 16. Bf4 Bd6 17. Bxd6 Qxd6 18. b4 Nc7 19. Rad1 Kg8 20. Rd2 a5 21. Rb1
axb4 22. axb4 Ra3 23. Qc1 Rea8 24. Rd1 R3a4 25. d5 cxd5 26. c5 Qe5 27. b5 d4
28. b6 Nd5 29. c6 bxc6 30. Qxc6 Qb8 31. b7 R8a7 32. Rdc1 Ne7 33. Qc7 Qxc7 34.
Rxc7 1-0

[Event "15. OIBM Bad Wiessee"]
[Site "Bad Wiessee"]
[Date "2011.11.01"]
[Round "4.39"]
[White "Wunder, Stefan"]
[Black "Maric, Davor"]
[Result "0-1"]
[WhiteElo "2193"]
[BlackElo "2319"]
[PlyCount "64"]
[EventDate "2011.??.??"]
[WhiteTeam "FC Nordhalben"]
[BlackTeam "Kasseler SK 1876"]

1. Nf3 Nf6 2. g3 g6 3. Bg2 Bg7 4. O-O O-O 5. d4 d6 6. b3 c5 7. Bb2 cxd4 8. Nxd4
d5 9. Qc1 e5 10. Nf3 e4 11. Nd4 Nc6 12. c4 Nxd4 13. Bxd4 Bg4 14. e3 Rc8 15. Qb2
dxc4 16. bxc4 Qe7 17. Nd2 Bf5 18. f3 exf3 19. Rxf3 Ne8 20. Rc1 b6 21. a3 Bh6
22. Qb5 Bg4 23. Rf4 Bxf4 24. exf4 Nd6 25. Qb2 f6 26. Bd5+ Kg7 27. Bf2 Qd7 28.
Nb3 Nxc4 29. Rxc4 Qxd5 30. Rd4 Qf3 31. Nd2 Qd1+ 32. Kg2 Rc1 0-1

[Event "15. OIBM Bad Wiessee"]
[Site "Bad Wiessee"]
[Date "2011.11.01"]
[Round "4.46"]
[White "Srienz, Christian"]
[Black "Seisenberger, Georg"]
[Result "1/2-1/2"]
[WhiteElo "2246"]
[BlackElo "2052"]
[PlyCount "39"]
[EventDate "2011.??.??"]
[WhiteTeam "Tschaturanga Wien"]
[BlackTeam "SV Ilmmünster"]

1. c4 Nf6 2. g3 c6 3. Bg2 d5 4. cxd5 cxd5 5. d4 Nc6 6. Nc3 Bf5 7. Nf3 e6 8. Nh4
Bg4 9. h3 Bh5 10. g4 Bg6 11. e3 Rc8 12. Nxg6 hxg6 13. Bd2 Bd6 14. Rc1 Bb8 15.
Qb3 Qe7 16. Na4 O-O 17. Nc5 b6 18. Nd3 Ne4 19. Qd1 Rfd8 20. Rc2 1/2-1/2

[Event "15. OIBM Bad Wiessee"]
[Site "Bad Wiessee"]
[Date "2011.11.01"]
[Round "4.50"]
[White "Haldemann, Paul"]
[Black "Ries, Berthold"]
[Result "1-0"]
[WhiteElo "2090"]
[BlackElo "1988"]
[PlyCount "55"]
[EventDate "2011.??.??"]
[WhiteTeam "Schachklub Trubschachen"]
[BlackTeam "SU Ebersberg-Grafing"]

1. d4 d5 2. c4 c6 3. Nc3 Nf6 4. Bg5 e6 5. cxd5 exd5 6. Qc2 Be7 7. e3 O-O 8. Bd3
Nbd7 9. Nge2 Re8 10. O-O Ne4 11. Bxe7 Qxe7 12. Bxe4 dxe4 13. Ng3 Nf6 14. Rae1
Be6 15. f3 Bc4 16. fxe4 Bxf1 17. Rxf1 Ng4 18. Nf5 Qg5 19. e5 g6 20. Ne4 Nxe3
21. Qd2 Qxg2+ 22. Qxg2 Nxg2 23. Nf6+ Kh8 24. Nd6 Re7 25. Kxg2 Kg7 26. Rf3 c5
27. Nd5 Rd7 28. dxc5 1-0

[Event "15. OIBM Bad Wiessee"]
[Site "Bad Wiessee"]
[Date "2011.10.31"]
[Round "4.27"]
[White "Burchert, Wolfgang"]
[Black "Weber, Ulrich"]
[Result "0-1"]
[WhiteElo "2167"]
[BlackElo "2406"]
[PlyCount "70"]
[EventDate "2011.??.??"]

1. e4 c5 2. Nf3 d6 3. d4 cxd4 4. Nxd4 Nf6 5. Nc3 a6 6. h3 e6 7. g4 d5 8. exd5
Nxd5 9. Bd2 Be7 10. Bg2 Nb6 11. Be3 Nc4 12. Bc1 O-O 13. O-O Qb6 14. Na4 Qa5 15.
b3 Rd8 16. Qe1 Qxe1 17. Rxe1 Rxd4 18. bxc4 Nd7 19. Rb1 Rxc4 20. Nb6 Nxb6 21.
Rxb6 Bc5 22. Rb3 Rxc2 23. Rd1 Kf8 24. Rb2 Rxb2 25. Bxb2 f6 26. Rd8+ Ke7 27. Rg8
Kf7 28. Rh8 h6 29. h4 Bf8 30. Bd4 Bd7 31. h5 f5 32. gxf5 exf5 33. Bxb7 Rb8 34.
Bd5+ Be6 35. Bxe6+ Kxe6 0-1

[Event "15. OIBM Bad Wiessee"]
[Site "Bad Wiessee"]
[Date "2011.10.31"]
[Round "4.28"]
[White "Grandadam, Nicolas"]
[Black "Pienabarca, Nicola"]
[Result "1-0"]
[WhiteElo "2336"]
[BlackElo "2106"]
[PlyCount "29"]
[EventDate "2011.??.??"]

1. Nf3 Nf6 2. c4 g6 3. Nc3 d5 4. cxd5 Nxd5 5. Qa4+ Bd7 6. Qb3 Nb6 7. d4 Bg7 8.
Bf4 O-O 9. Rd1 Be6 10. d5 Bxc3+ 11. bxc3 Bg4 12. c4 N8d7 13. Bh6 Re8 14. c5
Bxf3 15. gxf3 1-0

[Event "15. OIBM Bad Wiessee"]
[Site "Bad Wiessee"]
[Date "2011.10.31"]
[Round "4.31"]
[White "Wahlbom, Magnus"]
[Black "Fick, Roland"]
[Result "1-0"]
[WhiteElo "2288"]
[BlackElo "2126"]
[PlyCount "51"]
[EventDate "2011.??.??"]

1. d4 f5 2. Nf3 Nf6 3. g3 e6 4. Bg2 Be7 5. O-O O-O 6. c4 d6 7. Nc3 Qe8 8. Re1
Qg6 9. e4 fxe4 10. Nxe4 Nxe4 11. Rxe4 Nc6 12. Qe1 Bf6 13. Bd2 e5 14. dxe5 Nxe5
15. Nxe5 Bxe5 16. Bc3 Bxc3 17. Qxc3 c6 18. Rae1 Qf6 19. Qd2 Bf5 20. Rf4 Qg6 21.
Re7 Rae8 22. Rxb7 Bc8 23. Rxf8+ Kxf8 24. Rxa7 Qb1+ 25. Bf1 Bh3 26. Qf4+ 1-0

[Event "15. OIBM Bad Wiessee"]
[Site "Bad Wiessee"]
[Date "2011.10.31"]
[Round "4.32"]
[White "Obermeier, Herbert"]
[Black "Dirr, Ulrich"]
[Result "1/2-1/2"]
[WhiteElo "2002"]
[BlackElo "2264"]
[PlyCount "21"]
[EventDate "2011.??.??"]

1. d4 d5 2. Nf3 Nf6 3. e3 c5 4. Ne5 Nc6 5. Bb5 Qb6 6. Ba4 Be6 7. O-O g6 8. Nc3
Bg7 9. Bxc6+ bxc6 10. Na4 Qc7 11. Nxc5 1/2-1/2

[Event "15. OIBM Bad Wiessee"]
[Site "Bad Wiessee"]
[Date "2011.10.31"]
[Round "4.37"]
[White "Ramme, Christoph"]
[Black "Welling, Gerard"]
[Result "0-1"]
[WhiteElo "2094"]
[BlackElo "2322"]
[PlyCount "76"]
[EventDate "2011.??.??"]

1. b4 Na6 2. b5 Nc5 3. d4 Ne4 4. e3 b6 5. Bd3 Bb7 6. f3 Nd6 7. e4 {Diagramm #}
e6 8. Ne2 f5 9. e5 Nf7 10. Be3 g5 11. Nd2 Ne7 12. h4 gxh4 13. Rxh4 Nd5 14. Bf2
{Diagramm #} Ne3 15. Bxe3 Qxh4+ 16. g3 Qh1+ 17. Kf2 Qh2+ 18. Kf1 Bh6 19. Bxh6
Nxh6 20. Qe1 a6 21. bxa6 Bxa6 22. Bxa6 Rxa6 23. Qf2 Qxf2+ 24. Kxf2 Nf7 25. Nc3
Ke7 26. Rh1 Ra3 27. Ndb1 Ra5 28. f4 b5 29. a3 c6 30. Ke3 Raa8 31. Ne2 h5 32.
Kf3 Nd8 33. Ke3 Nb7 34. Kd3 d5 35. Kc3 Na5 36. Kb4 Nc4 37. Kb3 Ra4 38. Nec3
Na5+ 0-1

[Event "15. OIBM Bad Wiessee"]
[Site "Bad Wiessee"]
[Date "2011.10.31"]
[Round "4.42"]
[White "Wacker, Peter"]
[Black "Schleich, Theodor"]
[Result "1-0"]
[WhiteElo "2270"]
[BlackElo "2109"]
[PlyCount "77"]
[EventDate "2011.??.??"]

1. e4 e6 2. d4 c5 3. Nf3 cxd4 4. Nxd4 Nf6 5. Nc3 Bb4 6. Bd3 Nc6 7. Nxc6 dxc6 8.
O-O e5 9. Qe2 O-O 10. Bg5 h6 11. Bd2 Be6 12. a3 Be7 13. Kh1 Nd7 14. Bc4 Nc5 15.
Rfd1 Qc7 16. Be3 Bxc4 17. Qxc4 b5 18. Qe2 Ne6 19. Qg4 Kh8 20. Ne2 Rad8 21. Ng3
Rxd1+ 22. Rxd1 Rd8 23. Rxd8+ Qxd8 24. Nf5 Bf8 25. g3 Kh7 26. Nh4 Qd6 27. Qf5+
Kh8 28. Nf3 Nd4 29. Bxd4 exd4 30. Ne5 f6 31. Nd3 c5 32. Qf3 Qc6 33. Kg2 c4 34.
Nf4 a5 35. Nd5 Qc5 36. h4 b4 37. axb4 axb4 38. h5 Qd6 39. b3 1-0

[Event "15. OIBM Bad Wiessee"]
[Site "Bad Wiessee"]
[Date "2011.10.31"]
[Round "4.43"]
[White "Hovens, Geert"]
[Black "Kummerow, Heiko"]
[Result "0-1"]
[WhiteElo "2039"]
[BlackElo "2347"]
[PlyCount "48"]
[EventDate "2011.??.??"]

1. e4 c5 2. Nf3 d6 3. d4 cxd4 4. Nxd4 Nf6 5. Nc3 a6 6. Be2 g6 7. O-O Bg7 8. Be3
O-O 9. Qd2 Nc6 10. h3 Bd7 11. f4 Rc8 12. Nxc6 Bxc6 13. Bf3 Qc7 14. Rac1 b5 15.
Bd4 Qb7 16. e5 dxe5 17. Bxc6 Qxc6 18. Bxe5 Rfd8 19. Qf2 b4 20. Nd1 Ne4 21. Qf3
f6 22. Qb3+ Qd5 23. Re1 Nc5 24. Qxd5+ Rxd5 0-1

[Event "15. OIBM Bad Wiessee"]
[Site "Bad Wiessee"]
[Date "2011.10.31"]
[Round "4.48"]
[White "Stockmann, Michael"]
[Black "Schulz, Juergen"]
[Result "1-0"]
[WhiteElo "2284"]
[BlackElo "2157"]
[PlyCount "63"]
[EventDate "2011.??.??"]

1. d4 e6 2. c4 f5 3. g3 Nf6 4. Bg2 c6 5. b3 d5 6. Nh3 b6 7. O-O Bd6 8. Bf4 O-O
9. Nd2 Bb7 10. Qc2 Na6 11. Qb2 Qe7 12. Bxd6 Qxd6 13. Rac1 Rac8 14. Nf4 Rfe8 15.
Rfd1 Qe7 16. Nf3 Ne4 17. Ne5 Nf6 18. e3 g5 19. Nfd3 Nb4 20. Nxb4 Qxb4 21. c5 b5
22. Ra1 Qa5 23. a4 b4 24. Qe2 h6 25. h4 Nh7 26. g4 Rf8 27. gxf5 exf5 28. hxg5
hxg5 29. f3 Nf6 30. Kf2 Kg7 31. Rh1 Rh8 32. Qc2 1-0

[Event "15. OIBM Bad Wiessee"]
[Site "Bad Wiessee"]
[Date "2011.10.31"]
[Round "4.49"]
[White "Salvermoser, Bernd"]
[Black "Zunker, Reinhard. Dr"]
[Result "1/2-1/2"]
[WhiteElo "2299"]
[BlackElo "2170"]
[PlyCount "69"]
[EventDate "2011.??.??"]

1. d4 Nf6 2. c4 g6 3. Nc3 Bg7 4. e4 d6 5. Be2 O-O 6. Bg5 Na6 7. f4 c6 8. Nf3
Nc7 9. Bh4 Nh5 10. Qd2 Bh6 11. g3 f6 12. Ng1 Qe8 13. Bxh5 gxh5 14. Qd3 f5 15.
e5 dxe5 16. dxe5 Be6 17. Rd1 Qf7 18. b3 a5 19. Nf3 a4 20. Nxa4 b5 21. cxb5 cxb5
22. Nc3 b4 23. Na4 Bd5 24. O-O Bc6 25. Qc2 Bxf3 26. Rxf3 Nd5 27. Qc6 e6 28. Rc1
Rfe8 29. Rf2 Bf8 30. Kg2 Qa7 31. Rd2 Qe3 32. Qc2 Rac8 33. Qd1 Qe4+ 34. Kg1 Qe3+
35. Kg2 1/2-1/2

[Event "15. OIBM Bad Wiessee"]
[Site "Bad Wiessee"]
[Date "2011.11.01"]
[Round "5.1"]
[White "Zhigalko, Sergei"]
[Black "Swiercz, Dariusz"]
[Result "1/2-1/2"]
[WhiteElo "2696"]
[BlackElo "2585"]
[PlyCount "61"]
[EventDate "2011.??.??"]
[BlackTeam "Schachklub Turm Emsdetten e.V."]

1. e4 e6 2. d4 d5 3. Nc3 Nf6 4. e5 Nfd7 5. f4 c5 6. Nf3 Nc6 7. Be3 Be7 8. Qd2
O-O 9. dxc5 Bxc5 10. O-O-O Qa5 11. a3 a6 12. Bxc5 Nxc5 13. Qe3 Rd8 14. Kb1 Bd7
15. h4 Rac8 16. h5 Ne7 17. Nd4 Ne4 18. Na2 Bb5 19. Bxb5 axb5 20. h6 g6 21. g4
Nc6 22. c3 Nxd4 23. Rxd4 Rc4 24. Nc1 Rdc8 25. Ne2 Qa4 26. Rc1 Qb3 27. Rc2 Ra8
28. Nc1 Qa4 29. Ne2 Qb3 30. Nc1 Qa4 31. Ne2 1/2-1/2

[Event "15. OIBM Bad Wiessee"]
[Site "Bad Wiessee"]
[Date "2011.11.01"]
[Round "5.2"]
[White "Lenderman, Aleksandr"]
[Black "Nisipeanu, Liviu-Dieter"]
[Result "1/2-1/2"]
[WhiteElo "2562"]
[BlackElo "2638"]
[PlyCount "32"]
[EventDate "2011.??.??"]

1. d4 d5 2. c4 dxc4 3. e3 e6 4. Bxc4 Nf6 5. Nf3 c5 6. O-O a6 7. Bb3 cxd4 8.
exd4 Nc6 9. Nc3 Be7 10. Bg5 O-O 11. Qd2 b5 12. d5 Nb4 13. dxe6 Bxe6 14. Bxe6
Qxd2 15. Bxf7+ Rxf7 16. Bxd2 Nd3 1/2-1/2

[Event "15. OIBM Bad Wiessee"]
[Site "Bad Wiessee"]
[Date "2011.11.01"]
[Round "5.3"]
[White "Volkov, Sergey"]
[Black "Nyzhnyk, Illja"]
[Result "1/2-1/2"]
[WhiteElo "2614"]
[BlackElo "2561"]
[PlyCount "151"]
[EventDate "2011.??.??"]

1. d4 Nf6 2. c4 g6 3. Nc3 Bg7 4. e4 d6 5. Be2 O-O 6. Nf3 e5 7. Be3 c6 8. d5 Ng4
9. Bg5 f6 10. Bh4 h5 11. h3 Nh6 12. Nd2 c5 13. a3 a5 14. g4 hxg4 15. hxg4 Nf7
16. Qc2 Bh6 17. O-O-O Kg7 18. Kb1 Na6 19. Rh3 Bd7 20. Rdh1 Qe7 21. Qd3 Rh8 22.
f3 Bg5 23. Be1 Rxh3 24. Rxh3 Nc7 25. Ka2 Rb8 26. Nb5 Nxb5 27. cxb5 b6 28. Nb1
Qd8 29. Nc3 Qc7 30. Na4 Bf4 31. Bf2 Rc8 32. Qc2 Ra8 33. Rh1 Ng5 34. b3 Qa7 35.
Nb2 Qc7 36. a4 Nf7 37. Nc4 Rb8 38. Be1 Ra8 39. Kb2 Rf8 40. Bd1 Nd8 41. Qg2 Rh8
42. Rxh8 Kxh8 43. g5 fxg5 44. Bd2 Nf7 45. Bc3 Kg7 46. Be2 Nd8 47. Kc2 Nf7 48.
Qg1 Nd8 49. Bd3 Bc8 50. Bf1 Nf7 51. Kd3 Bd7 52. Be2 Nd8 53. Qe1 Nb7 54. Bf1 Bc8
55. Bg2 Bd7 56. Qf1 g4 57. fxg4 g5 58. Bf3 Bc8 59. Be2 Nd8 60. Kc2 Bd7 61. Qe1
Nb7 62. Qh1 Nd8 63. Qg1 Bc8 64. Qe1 Nb7 65. Bf3 Bd7 66. Kd3 Bc8 67. Bd2 Bxd2
68. Qxd2 Qd8 69. Nxb6 Qxb6 70. Qxg5+ Kf7 71. Kc4 Qd8 72. Qh5+ Kg7 73. g5 Qh8
74. Qxh8+ Kxh8 75. b6 Bd7 76. Be2 1/2-1/2

[Event "15. OIBM Bad Wiessee"]
[Site "Bad Wiessee"]
[Date "2011.11.01"]
[Round "5.4"]
[White "Graf, Alexander"]
[Black "Rivas Pastor, Manuel"]
[Result "1-0"]
[WhiteElo "2628"]
[BlackElo "2559"]
[PlyCount "81"]
[EventDate "2011.??.??"]
[WhiteTeam "SK König Plauen"]

1. d4 e6 2. c4 Bb4+ 3. Bd2 Qe7 4. Nc3 Nf6 5. Nf3 Bxc3 6. Bxc3 Ne4 7. Qc2 Nxc3
8. Qxc3 a5 9. a3 O-O 10. g3 d6 11. Bg2 Re8 12. O-O e5 13. b4 e4 14. Nd2 Bf5 15.
Rfc1 Nc6 16. b5 Nd8 17. Nf1 Qd7 18. Ne3 Bh3 19. Bxh3 Qxh3 20. c5 Ne6 21. cxd6
cxd6 22. Qc4 Qh5 23. b6 h6 24. Nd5 Kh8 25. Rab1 Rac8 26. Nc7 d5 27. Qxd5 Qxd5
28. Nxd5 Nxd4 29. Rc7 Rcd8 30. Ne3 Nxe2+ 31. Kf1 Rd2 32. Rxb7 Nc3 33. Rc1 Nd5
34. Nxd5 Rxd5 35. Rxf7 Rb5 36. b7 Kh7 37. Rcc7 Rg8 38. Rfe7 Rb3 39. Rxe4 Rxa3
40. Rc8 Rb3 41. Rxg8 1-0

[Event "15. OIBM Bad Wiessee"]
[Site "Bad Wiessee"]
[Date "2011.11.01"]
[Round "5.5"]
[White "Sokolov, Andrei"]
[Black "Baklan, Vladimir"]
[Result "1/2-1/2"]
[WhiteElo "2519"]
[BlackElo "2617"]
[PlyCount "21"]
[EventDate "2011.??.??"]
[WhiteTeam "TV Tegernsee"]
[BlackTeam "SG Porz e.V."]

1. e4 e6 2. d4 d5 3. Nd2 dxe4 4. Nxe4 Nd7 5. Nf3 Ngf6 6. Bg5 h6 7. Nxf6+ Nxf6
8. Bxf6 Qxf6 9. Bb5+ c6 10. Bd3 Bd7 11. O-O 1/2-1/2

[Event "15. OIBM Bad Wiessee"]
[Site "Bad Wiessee"]
[Date "2011.11.01"]
[Round "5.6"]
[White "Zakhartsov, Viacheslav"]
[Black "Adhiban, B."]
[Result "0-1"]
[WhiteElo "2580"]
[BlackElo "2551"]
[PlyCount "60"]
[EventDate "2011.??.??"]

1. d4 d5 2. c4 e6 3. Nf3 Nf6 4. Nc3 c6 5. Bg5 dxc4 6. e4 b5 7. e5 h6 8. Bh4 g5
9. Nxg5 hxg5 10. Bxg5 Nbd7 11. g3 Qa5 12. exf6 b4 13. Ne4 Ba6 14. Qf3 O-O-O 15.
Be3 {Diagramm #} c5 $1 16. dxc5 $6 (16. Bg2 $1 cxd4 17. Bxd4 Ne5 18. Bxe5 Qxe5
19. O-O Rd3 20. Qe2 $13) 16... Ne5 $1 17. Qf4 {Diagramm #} Rd5 $1 18. Nd2 Bh6
19. Qe4 b3 20. Be2 Bxe3 21. Qxe3 Rhd8 22. f4 Rxd2 23. O-O Rxe2 24. Qxe2 Qxc5+
25. Qf2 Nf3+ 26. Kh1 Qxf2 27. Rxf2 Bb7 28. h3 c3 $1 29. bxc3 Nd2+ 30. Kh2 b2
0-1

[Event "15. OIBM Bad Wiessee"]
[Site "Bad Wiessee"]
[Date "2011.11.01"]
[Round "5.7"]
[White "Ernst, Sipke"]
[Black "Khenkin, Igor"]
[Result "1-0"]
[WhiteElo "2581"]
[BlackElo "2624"]
[PlyCount "120"]
[EventDate "2011.??.??"]
[WhiteTeam "SG Solingen e.V."]
[BlackTeam "Wiesbadener SV 1885"]

1. d4 Nf6 2. c4 e6 3. Nf3 b6 4. g3 Bb7 5. Bg2 c5 6. O-O cxd4 7. Qxd4 Nc6 8. Qf4
Bc5 9. a3 Ne7 10. Nc3 O-O 11. Qd2 Ng6 12. b3 Qe7 13. Bb2 Rfd8 14. b4 Bd6 15.
Rfd1 Bb8 16. Nb5 a6 17. Nd6 Bc6 18. h4 Ba4 {Diagramm #} 19. Nxf7 $3 Rf8 (19...
Kxf7 20. Ng5+ Kg8 21. Bxa8 Bxd1 22. Rxd1 $16) (19... Qxf7 20. Ng5 Qe7 21. Bxa8
Bxd1 22. Rxd1 Bxg3 23. fxg3 Rxa8 24. Qd4 $16) 20. Bxf6 Qxf6 21. h5 Rxf7 22.
hxg6 hxg6 23. Rf1 Rf8 24. Rac1 Bc7 25. Ng5 Rad8 26. b5 axb5 27. cxb5 Be5 {
Diagramm #} 28. f4 $1 Bb2 29. Rc4 Bxb5 30. Ne4 $1 Bxc4 31. Nxf6+ Bxf6 32. Be4
Kf7 33. Bxg6+ $1 Kxg6 34. Qc2+ Kf7 35. Qxc4 Rc8 36. Qb5 Rc6 37. Rd1 Ke7 38. Kg2
Rfc8 39. Rd3 d5 40. a4 Bc3 41. Kf3 Ba5 42. Kg4 Rc4 43. Qb2 Kf7 44. Qe5 Re4 45.
Qd6 Re8 46. Rd1 Re7 47. Rh1 Re3 48. Rh7 Be1 49. Rxg7+ Kxg7 50. Qxe7+ Kg6 51.
Qe8+ Kh7 52. Kh5 Rxg3 53. Qxe6 Bd2 54. Qxd5 Be3 55. Qe6 Kg7 56. Qe7+ Kg8 57. f5
Bc5 58. Qe6+ Kh7 59. f6 Be3 60. Qf5+ Kg8 1-0

[Event "15. OIBM Bad Wiessee"]
[Site "Bad Wiessee"]
[Date "2011.11.01"]
[Round "5.9"]
[White "Hoffmann, Michael"]
[Black "Markowski, Tomasz"]
[Result "0-1"]
[WhiteElo "2496"]
[BlackElo "2607"]
[PlyCount "100"]
[EventDate "2011.??.??"]
[WhiteTeam "SG Solingen e.V."]
[BlackTeam "SK König Plauen"]

1. d4 d6 2. Nf3 Bg4 3. e4 Nf6 4. Nc3 e6 5. h3 Bh5 6. Qe2 c6 7. g4 Bg6 8. h4 h5
9. g5 Nfd7 10. d5 cxd5 11. exd5 e5 12. Be3 Be7 13. O-O-O Na6 14. Bh3 O-O 15.
Nd2 Rc8 16. Nde4 Nb4 17. f3 Na6 18. Kb1 Ra8 19. Qb5 Nb6 20. f4 exf4 21. Bxf4
Re8 22. Rhe1 Bf8 23. Re3 Nc7 24. Qb4 Bxe4 25. Rxe4 Rxe4 26. Qxe4 g6 27. Qb4 Na6
28. Qb5 Nc5 29. Be3 Qe7 30. Bxc5 dxc5 31. d6 Qe3 32. Bg2 Rd8 33. Ne4 Bg7 34. a3
c4 35. Qa5 c3 36. bxc3 Rc8 37. Qb5 a6 38. Qb3 Nd7 39. Ka2 b5 40. Qd5 Rxc3 41.
Nxc3 Qxc3 42. Qb3 Qe5 43. Bd5 Nc5 44. Bxf7+ Kh7 45. Qb1 Ne4 46. Rd3 Nxd6 47.
Rd5 Qf4 48. Rxd6 Qxd6 49. c4 Qd2+ 50. Kb3 Qe3+ 0-1

[Event "15. OIBM Bad Wiessee"]
[Site "Bad Wiessee"]
[Date "2011.11.01"]
[Round "5.10"]
[White "Kempinski, Robert"]
[Black "Smirnov, Artem"]
[Result "1-0"]
[WhiteElo "2604"]
[BlackElo "2444"]
[PlyCount "73"]
[EventDate "2011.??.??"]
[WhiteTeam "Hamburger SK von 1830 eV"]

1. d4 Nf6 2. c4 e6 3. Nf3 Bb4+ 4. Nbd2 O-O 5. a3 Be7 6. e3 c5 7. dxc5 Bxc5 8.
Bd3 Be7 9. O-O b6 10. e4 d6 11. b4 Bb7 12. Bb2 Nbd7 13. Qe2 Re8 14. Rfd1 Qc7
15. Rac1 Rad8 16. Bc2 Rc8 17. Nd4 Ra8 18. Re1 Rac8 19. Rcd1 a6 20. f4 g6 21.
Rf1 Qb8 22. Ba4 Red8 23. f5 e5 24. N4f3 Nh5 25. fxg6 hxg6 26. Bxd7 Rxd7 27. Qf2
Bd8 {Diagramm #} 28. c5 $1 bxc5 29. Nc4 $1 f6 {Diagramm #} (29... Qc7 30. Rxd6
$5 (30. Qd2 $5) (30. Nb6 $5 Qxb6 31. Nxe5 dxe5 32. Rxd7 Bf6 33. Bxe5 Qe6 $1 34.
Rxb7 Qxe5 $15) 30... Rxd6 31. Bxe5 Be7 32. bxc5 Qxc5 33. Qxc5 Rxc5 34. Bxd6
Rxc4 35. Bxe7 Rxe4 36. Bb4 $11) 30. Nfxe5 $3 fxe5 31. Rxd6 $1 Rg7 32. Bxe5 Bc7
33. Bxg7 Nxg7 34. Qf7+ Kh8 35. Rxg6 Bxh2+ 36. Kh1 Rc6 37. Qxg7# 1-0

[Event "15. OIBM Bad Wiessee"]
[Site "Bad Wiessee"]
[Date "2011.11.01"]
[Round "5.11"]
[White "Meins, Gerlef"]
[Black "Eingorn, Vereslav"]
[Result "1/2-1/2"]
[WhiteElo "2490"]
[BlackElo "2567"]
[PlyCount "28"]
[EventDate "2011.??.??"]
[WhiteTeam "SAbt SV Werder Bremen"]

1. d4 e6 2. Nf3 c5 3. c4 cxd4 4. Nxd4 Nf6 5. Nc3 Nc6 6. a3 d5 7. cxd5 exd5 8.
Bg5 Bc5 9. e3 O-O 10. Be2 Nxd4 11. exd4 Be7 12. O-O Be6 13. Rc1 Ne4 14. Bxe7
Qxe7 1/2-1/2

[Event "15. OIBM Bad Wiessee"]
[Site "Bad Wiessee"]
[Date "2011.11.01"]
[Round "5.12"]
[White "Zhigalko, Andrey"]
[Black "Mainka, Romuald"]
[Result "1-0"]
[WhiteElo "2555"]
[BlackElo "2488"]
[PlyCount "75"]
[EventDate "2011.??.??"]
[BlackTeam "Schachclub Hansa Dortmund e.V."]

1. e4 c5 2. Nf3 e6 3. d4 cxd4 4. Nxd4 a6 5. Nc3 Qc7 6. Bd3 Nf6 7. O-O Bc5 8.
Nb3 Be7 9. f4 d6 10. e5 Nfd7 11. exd6 Bxd6 12. Ne4 Be7 13. Bd2 Nf6 14. Qe2 Nbd7
15. Ng5 Nc5 16. Nxc5 Bxc5+ 17. Kh1 h6 18. Nf3 O-O 19. Ne5 b5 20. b4 Bd6 21. a4
Bb7 22. axb5 axb5 23. Rac1 Rad8 24. Ng4 Be7 25. Ne5 Rd4 26. c3 Rdd8 27. Bxb5
Ne4 28. Be3 Bd6 29. Bd4 Ra8 30. Bd3 f5 31. Bc4 Rfe8 32. Ra1 Rac8 33. Ra7 Qb8
34. Qa2 Kh7 35. Bxe6 Rf8 36. Nd7 Qc7 37. Nxf8+ Rxf8 38. Bd5 1-0

[Event "15. OIBM Bad Wiessee"]
[Site "Bad Wiessee"]
[Date "2011.11.01"]
[Round "5.13"]
[White "Jakubiec, Artur"]
[Black "Grandadam, Nicolas"]
[Result "1-0"]
[WhiteElo "2528"]
[BlackElo "2336"]
[PlyCount "65"]
[EventDate "2011.??.??"]
[BlackTeam "SC Brombach e.V."]

1. f4 d5 2. Nf3 g6 3. g3 Bg7 4. Bg2 Nh6 5. Nc3 c6 6. d3 Qb6 7. e4 dxe4 8. dxe4
O-O 9. h3 f5 10. e5 Rd8 11. Qe2 Na6 12. Nd1 Be6 13. Nf2 Qb4+ 14. c3 Qc4 15.
Qxc4 Bxc4 16. Be3 Nf7 17. b3 Bd5 18. O-O-O e6 19. c4 Bxf3 20. Bxf3 Bf8 21. Nd3
Rd7 22. Kc2 Rad8 23. Kc3 b6 24. b4 Rc8 25. a3 Nd8 26. Nc1 Rcc7 27. Nb3 Kf7 28.
Be2 c5 29. b5 Nb8 30. Rdg1 Bg7 31. Nd2 Bf8 32. Rb1 Nb7 33. Kc2 {rest
unleserlich} 1-0

[Event "15. OIBM Bad Wiessee"]
[Site "Bad Wiessee"]
[Date "2011.11.01"]
[Round "5.14"]
[White "Weber, Ulrich"]
[Black "Naumann, Alexander"]
[Result "1/2-1/2"]
[WhiteElo "2406"]
[BlackElo "2546"]
[PlyCount "96"]
[EventDate "2011.??.??"]
[WhiteTeam "SV 1920 Hofheim"]
[BlackTeam "SG Solingen e.V."]

1. Nf3 Nf6 2. g3 g6 3. Bg2 Bg7 4. d4 O-O 5. O-O c6 6. c4 d6 7. Nc3 Qa5 8. h3
Be6 9. Nd2 Qa6 10. d5 cxd5 11. cxd5 Bf5 12. Re1 Rc8 13. e4 Bd7 14. Bf1 Qb6 15.
Nb3 Na6 16. Be3 Qd8 17. Bd4 e6 18. Qd2 exd5 19. exd5 h5 20. Rac1 Bf5 21. f3 Nc5
22. Nxc5 dxc5 23. Be5 b5 24. Nxb5 Nxd5 25. Bxg7 Kxg7 26. Rcd1 a6 27. Nc3 Nb4
28. Qf4 Qc7 29. Re5 f6 30. Re2 Qxf4 31. gxf4 Rd8 32. Red2 Rxd2 33. Rxd2 Nc2 34.
h4 Nd4 35. Kf2 a5 36. Bc4 Be6 37. Bxe6 Nxe6 38. Rd7+ Kf8 39. Ne4 Nxf4 40. Nxf6
Ra6 41. Ne4 c4 42. b3 cxb3 43. axb3 Rb6 44. Ra7 Rxb3 45. Ra8+ Ke7 46. Ra7+ Kf8
47. Ra8+ Ke7 48. Ra7+ Kf8 1/2-1/2

[Event "15. OIBM Bad Wiessee"]
[Site "Bad Wiessee"]
[Date "2011.11.01"]
[Round "5.15"]
[White "Krivoborodov, Egor"]
[Black "Wagner, Dennis"]
[Result "1-0"]
[WhiteElo "2505"]
[BlackElo "2290"]
[PlyCount "103"]
[EventDate "2011.??.??"]
[BlackTeam "Kasseler SK 1876"]

1. e4 c5 2. Nf3 e6 3. d4 cxd4 4. Nxd4 a6 5. Nc3 Qc7 6. Bd3 Nf6 7. f4 b5 8. e5
b4 9. Na4 Nd5 10. Be4 Bb7 11. O-O g6 {Diagramm #} 12. c4 $3 Qxc4 13. b3 Qc7 14.
Qf3 Nc6 15. Bb2 Rc8 16. Bxd5 Nxd4 17. Bxd4 Bxd5 18. Qf2 Qc6 19. Nb6 Rc7 20. Be3
Be4 21. Rac1 Qb7 22. Rxc7 Qxc7 23. Rc1 Bc6 24. Nc4 h5 25. h4 Be7 26. Bc5 Ba8 {
Diagramm #} 27. Bxb4 $1 Kf8 (27... Bxb4 28. Nd6+ Bxd6 29. Rxc7 Bxc7 30. Qa7 $1
$18) 28. Bd6 Qd8 29. Bxe7+ Qxe7 30. Nd6 Kg7 31. Rc7 Qd8 32. Rc8 Qe7 33. Rxh8
Kxh8 34. Qg3 Kg8 35. Qg5 Qf8 36. Qf6 Bd5 37. Kh2 a5 38. Kh3 a4 39. bxa4 Bxa2
40. a5 Bd5 41. g3 Bf3 {Diagramm #} 42. a6 Be2 43. a7 Bf3 44. Kh2 Bd5 45. Kg1
Bc6 46. Kf2 Bd5 47. Ke3 Bc6 48. Kd4 Bd5 49. Kc5 Bc6 50. Kb6 Bd5 51. Kc7 Bc6 52.
Qd8 1-0

[Event "15. OIBM Bad Wiessee"]
[Site "Bad Wiessee"]
[Date "2011.11.01"]
[Round "5.16"]
[White "Kunin, Vitaly"]
[Black "Wahlbom, Magnus"]
[Result "1-0"]
[WhiteElo "2549"]
[BlackElo "2288"]
[PlyCount "55"]
[EventDate "2011.??.??"]
[WhiteTeam "Freibauer Mörlenbach-Birkenau"]
[BlackTeam "R÷deby SK"]

1. d4 Nf6 2. c4 e6 3. Nf3 c5 4. d5 exd5 5. cxd5 d6 6. Nc3 g6 7. Bf4 Bg7 8. Qa4+
Bd7 9. Qb3 Qc7 10. e3 O-O 11. h3 a6 12. a4 Bc8 13. Be2 Nbd7 14. O-O Re8 15. Nd2
Ne5 16. Bh2 Bd7 17. a5 Rac8 18. Qc2 c4 19. Bxe5 Rxe5 20. Nxc4 Re7 21. Rfc1 Rce8
22. Qb3 Bb5 23. Nxb5 axb5 24. Nb6 Qb8 25. Bxb5 Rd8 26. Rc4 Rc7 27. Rac1 Rxc4
28. Qxc4 1-0